Maintenance Engineering Handbook (Record no. 23738)
[ view plain ]
| 000 -LEADER | |
|---|---|
| fixed length control field | 00474nam a22001217a 4500 |
| 003 - CONTROL NUMBER IDENTIFIER | |
| control field | NUST |
| 005 - DATE AND TIME OF LATEST TRANSACTION | |
| control field | 20170608120321.0 |
| 008 - FIXED-LENGTH DATA ELEMENTS--GENERAL INFORMATION | |
| fixed length control field | 140103b xxu||||| |||| 00| 0 eng d |
| 010 ## - LIBRARY OF CONGRESS CONTROL NUMBER | |
| LC control number | 2008004423 |
| 020 ## - INTERNATIONAL STANDARD BOOK NUMBER | |
| International Standard Book Number | 978007156461 |
| Terms of availability | Available |
| 040 ## - CATALOGING SOURCE | |
| Original cataloging agency | DLC |
| Language of cataloging | DLC |
| Transcribing agency | RCMS |
| 082 ## - DEWEY DECIMAL CLASSIFICATION NUMBER | |
| Edition number | 7th,ed. |
| Classification number | 658.27MOB |
| Author Mark | 002489 |
| 100 ## - MAIN ENTRY--PERSONAL NAME | |
| Personal name | R.Keith Mobley Lindley R Higgins And Darrin J. Wikoff |
| 9 (RLIN) | 2271 |
| 245 ## - TITLE STATEMENT | |
| Title | Maintenance Engineering Handbook |
| Statement of responsibility, etc. | Mobely Keith R |
| 250 ## - EDITION STATEMENT | |
| Edition statement | 7th,ed. |
| 260 ## - PUBLICATION, DISTRIBUTION, ETC. | |
| Place of publication, distribution, etc. | USA |
| Name of publisher, distributor, etc. | McGraw-Hill |
| Date of publication, distribution, etc. | c.2008 |
| 300 ## - PHYSICAL DESCRIPTION | |
| Extent | xxiv,1000,p: |
| Other physical details | ill: |
| Dimensions | 30,cm. |
| 504 ## - BIBLIOGRAPHY, ETC. NOTE | |
| Bibliography, etc. note | Includes index. |
| 538 ## - SYSTEM DETAILS NOTE | |
| Display text | Shelf No 1 Row No 4 |
| 650 ## - SUBJECT ADDED ENTRY--TOPICAL TERM | |
| Topical term or geographic name entry element | Plant Maintenance ------- Handbook |
| 9 (RLIN) | 2272 |
| 856 ## - ELECTRONIC LOCATION AND ACCESS | |
| Materials specified | Table of Content Only |
| 942 ## - ADDED ENTRY ELEMENTS (KOHA) | |
| Source of classification or shelving scheme | |
| Koha item type | Book |
| Withdrawn status | Lost status | Source of classification or shelving scheme | Damaged status | Not for loan | Permanent Location | Current Location | Shelving location | Date acquired | Total Checkouts | Full call number | Barcode | Date last seen | Price effective from | Koha item type |
|---|---|---|---|---|---|---|---|---|---|---|---|---|---|---|
| Central Library (CL) | Central Library (CL) | General Stacks | 01/03/2014 | 658.27MOB | RCMS002489 | 01/03/2014 | 01/03/2014 | Book |
